Memoires de Litterature, tirez des registres de l'Academie Royale des Inscriptions et Belles Lettres, depuis l'année MDCCXXXVIII jusques & compris l'année MDCCXL (Record no. 151348)
[ view plain ]
| 000 -LEADER | |
|---|---|
| campo de control de longitud fija | 00905nam a2200193 i 4500 |
| 001 - NÚMERO DE CONTROL | |
| campo de control | 151348 |
| 003 - IDENTIFICADOR DE NÚMERO DE CONTROL | |
| campo de control | ES-MaACL |
| 005 - FECHA Y HORA DE LA ÚLTIMA TRANSACCIÓN | |
| campo de control | 20230906203956.0 |
| 008 - DATOS DE LONGITUD FIJA--INFORMACIÓN GENERAL | |
| campo de control de longitud fija | 990721s1743 fr a |||| | fre d |
| 040 ## - FUENTE DE CATALOGACIÓN | |
| Centro catalogador/agencia de origen | LR |
| Lengua de catalogación | spa |
| Centro/agencia transcriptor | LR |
| 110 2# - ENTRADA PRINCIPAL--NOMBRE DE ENTIDAD CORPORATIVA | |
| Nombre de entidad corporativa o nombre de jurisdicción como elemento de entrada | Académie des inscriptions et belles-lettres (Francia) |
| 9 (RLIN) | 1230 |
| 245 10 - MENCIÓN DEL TÍTULO | |
| Título | Memoires de Litterature, tirez des registres de l'Academie Royale des Inscriptions et Belles Lettres, depuis l'année MDCCXXXVIII jusques & compris l'année MDCCXL |
| Resto del título | : tome quinziéme. |
| 260 ## - PUBLICACIÓN, DISTRIBUCIÓN, ETC. | |
| Lugar de publicación, distribución, etc. | A Paris : |
| Nombre del editor, distribuidor, etc. | de l'Imprimerie Royale, |
| Fecha de publicación, distribución, etc. | 1743. |
| 300 ## - DESCRIPCIÓN FÍSICA | |
| Extensión | [6], 816 p., [4] h. de grab. ; |
| Dimensiones | 25 cm. |
| 597 ## - NOTA DE DESCRIPCIÓN FÍSICA | |
| NOTA DE DESCRIPCIÓN FÍSICA | Sign. : *3, A-Z4, 2A-2Z4, 3A-3Z4, 4A-4Z4, 5A-5K4. |
| 597 ## - NOTA DE DESCRIPCIÓN FÍSICA | |
| NOTA DE DESCRIPCIÓN FÍSICA | Port. con viñeta xil. |
| 599 ## - NOTA A LAS ILUSTRACIONES | |
| NOTA A LAS ILUSTRACIONES | Las h. de grab. son calc. |
| 852 ## - LOCALIZACIÓN | |
| Ubicación | ES-MaACL |
| Número de control de estantería | R-1298-1343 |
| Nota libre | -- Enc. piel con super-libris dorado con león rampante |
| Encuadernación | -- Edic.: *\p3\s, A-5K\p4\s |
| -- | Olim: G-13300-45 |
| Estatus retirado | Estado de pérdida | Estado de daño | No para préstamo | Colección | Biblioteca de origen | Biblioteca actual | Ubicación en estantería | Fecha de adquisición | Total de préstamos | Signatura topográfica completa | Código de barras | Visto por última vez | Precio de reemplazo | Tipo de ítem Koha |
|---|---|---|---|---|---|---|---|---|---|---|---|---|---|---|
| Libros del s. XVIII | Biblioteca del Ateneo de Madrid | Biblioteca del Ateneo de Madrid | Depósito | 17/01/2008 | R-1298-1343 | 1157912 | 23/02/2023 | 23/02/2023 | Libro impreso antiguo |
